Una corsa nel nuovo mondo / (Record no. 167012)
[ view plain ]
| 000 -LEADER | |
|---|---|
| campo de control de longitud fija | 00502nam a2200157 i 4500 |
| 001 - NÚMERO DE CONTROL | |
| campo de control | 167012 |
| 003 - IDENTIFICADOR DE NÚMERO DE CONTROL | |
| campo de control | ES-MaACL |
| 005 - FECHA Y HORA DE LA ÚLTIMA TRANSACCIÓN | |
| campo de control | 20230906213437.0 |
| 008 - DATOS DE LONGITUD FIJA--INFORMACIÓN GENERAL | |
| campo de control de longitud fija | 050922s1878 it | |||||||| ||ita d |
| 040 ## - FUENTE DE CATALOGACIÓN | |
| Centro catalogador/agencia de origen | CAM |
| Lengua de catalogación | spa |
| Centro/agencia transcriptor | CAM |
| 100 1# - ENTRADA PRINCIPAL--NOMBRE DE PERSONA | |
| Nombre de persona | Varvaro Pojero, Francesco. |
| 9 (RLIN) | 133564 |
| 245 14 - MENCIÓN DEL TÍTULO | |
| Título | Una corsa nel nuovo mondo / |
| Mención de responsabilidad, etc. | di F. Varvaro Pojero. |
| 260 ## - PUBLICACIÓN, DISTRIBUCIÓN, ETC. | |
| Lugar de publicación, distribución, etc. | Milano : |
| Nombre del editor, distribuidor, etc. | Fretelli Treves editori, |
| Fecha de publicación, distribución, etc. | 1878. |
| 300 ## - DESCRIPCIÓN FÍSICA | |
| Extensión | 2 v. (XI, 362; 340 p.) ; |
| Dimensiones | 18 cm. |
| 852 ## - LOCALIZACIÓN | |
| Ubicación | ES-MaACL |
| Número de control de estantería | G-8573-74 |
| Nota libre | -- Enc. pasta española |
| Estatus retirado | Estado de pérdida | Estado de daño | No para préstamo | Colección | Biblioteca de origen | Biblioteca actual | Ubicación en estantería | Fecha de adquisición | Total de préstamos | Signatura topográfica completa | Código de barras | Visto por última vez | Precio de reemplazo | Tipo de ítem Koha |
|---|---|---|---|---|---|---|---|---|---|---|---|---|---|---|
| Libros del s. XIX | Biblioteca del Ateneo de Madrid | Biblioteca del Ateneo de Madrid | Sala Pecera Planta 3 | 17/01/2008 | G-8573-74 | 1175193 | 23/02/2023 | 23/02/2023 | Libro impreso antiguo |
